| 000 | 01352cam a2200337 4500 | ||
|---|---|---|---|
| 005 | 20200104041510.0 | ||
| 008 | 930211s1992 fr a b 001 0 eng | ||
| 020 | _a9284211417 | ||
| 020 | _a8241701365 | ||
| 020 | _a9789284211418 | ||
| 040 |
_aEYG _cEYG _dUkOxU _dCO-BoIAVH |
||
| 041 | 0 | _aeng | |
| 044 | _afr | ||
| 082 | 0 | 4 |
_a339.5 _bW74f |
| 100 | 1 |
_aWillums, Jan Olaf _eautor |
|
| 245 | 1 | 0 |
_aFrom ideas to action : _bbusiness and sustainable development, the ICC report on the Greening of Enterprise 92 / _cJan-Olaf Willums y Ulrich Golüke. |
| 260 |
_aOslo (Noruega) : _bICC Pub : _bAd Notam Gyldendal, _c1992. |
||
| 300 |
_a383 páginas : _bilustraciones ; _c24 x 17 cm. |
||
| 490 | 0 |
_aICC publication ; _vno. 504 |
|
| 500 | _a"Un informe preparado por la Oficina Internacional del Medio Ambiente de la ICC". | ||
| 500 | _aIncluye índice. | ||
| 504 | _aIncluye referencias bibliográficas: páginas 338-340. | ||
| 650 | 2 | 6 |
_aDesarrollo económico _xAspectos ambientales |
| 650 | 2 | 6 |
_aIndustria _xAspectos ambientales |
| 650 | 2 | 6 |
_aPolítica ambiental _xCooperación internacional |
| 650 | 2 | 6 | _aDesarrollo sostenible |
| 700 | 1 |
_aGoluke, Ulrich _eautor |
|
| 710 | 2 | _aInternational Environmental Bureau of the ICC. | |
| 710 | 2 | _aInternational Chamber of Commerce. | |
| 942 |
_2ddc _cLIBRO |
||
| 999 |
_c423 _d423 |
||